000 00487nam a2200157Ia 4500
001 6622
008 260622s9999 xx 000 0 und d
245 0 _aالصندوق: قصص قصيرة من بلدان الخليج العربية
260 _aالشارقة؛
_bدائرة الثقافة و الأعلام؛
_c2007
300 _a102p;
_c21x14cm
546 _aArabic
650 _aPJ7501-8517 Arabic literature
651 _aGCC
655 _aFiction رواية
_99474
942 _cBK
999 _c6622
_d6622